Off-site design investigation (Record no. 73162)
[ view plain ]
| 000 -LEADER | |
|---|---|
| fixed length control field | 01062cam a2200205 4500 |
| 001 - CONTROL NUMBER | |
| control field | WB3930-02 |
| 008 - FIXED-LENGTH DATA ELEMENTS--GENERAL INFORMATION | |
| fixed length control field | 030805n2003 000 0 eng u |
| 035 ## - SYSTEM CONTROL NUMBER | |
| System control number | (Sirsi) u123188 |
| 245 ## - TITLE STATEMENT | |
| Title | Off-site design investigation |
| 260 ## - PUBLICATION, DISTRIBUTION, ETC. | |
| Date of publication, distribution, etc. | 2003 |
| 490 ## - SERIES STATEMENT | |
| Series statement | Inside Housing |
| Volume/sequential designation | 1 August 2003, 11(1) |
| 520 ## - SUMMARY, ETC. | |
| Summary, etc. | The Commission for Architecture and the Built Environment (CABE) has launched a design review to find out if the off-site manufacture of affordable housing developments results in best practice design. Oxford Brookes University and architects Hunt Thompson Associates will research the pre-design, design, construction and management of housing projects using modern construction methods and 13 schemes from the Challenge Fund will be reviewed. The findings should be published in September. CABE at www.cabe.org.uk. |
| 590 ## - LOCAL NOTE (RLIN) | |
| Local note | WB |
| 650 ## - SUBJECT ADDED ENTRY--TOPICAL TERM | |
| Topical term or geographic name entry element | BUILT ENVIRONMENT-CONSTRUCTION DESIGN |
| 650 ## - SUBJECT ADDED ENTRY--TOPICAL TERM | |
| Topical term or geographic name entry element | HOUSING DESIGN |
| 650 ## - SUBJECT ADDED ENTRY--TOPICAL TERM | |
| Topical term or geographic name entry element | Affordable housing |
| 9 (RLIN) | 6215 |
| 650 ## - SUBJECT ADDED ENTRY--TOPICAL TERM | |
| Topical term or geographic name entry element | BEST PRACTICE |
| 690 ## - LOCAL SUBJECT ADDED ENTRY--TOPICAL TERM (OCLC, RLIN) | |
| Topical term or geographic name as entry element | BUILT ENVIRONMENT-CONSTRUCTION DESIGN |
| 942 ## - ADDED ENTRY ELEMENTS (KOHA) | |
| Suppress in OPAC | 0 |
| Withdrawn status | Lost status | Source of classification or shelving scheme | Damaged status | Not for loan | Home library | Current library | Shelving location | Date acquired | Total Checkouts | Full call number | Barcode | Date last seen | Copy number | Price effective from | Koha item type |
|---|---|---|---|---|---|---|---|---|---|---|---|---|---|---|---|
| Dewey Decimal Classification | London | London | News article | 05/08/2003 | WB3930-02 | 123188-1001 | 06/08/2019 | 1 | 06/08/2019 | News article |